| 000 | 00769nas a2200253 4500 | ||
|---|---|---|---|
| 001 | BR0905158 | ||
| 003 | BR-BrBNA | ||
| 005 | 20231205113615.0 | ||
| 007 | ta | ||
| 008 | 230509b bl.|||p| |||| 00| 00por d | ||
| 040 |
_aBR-BrBNA _bpor _cBiblioteca Nacional de Agricultura |
||
| 041 | _a(Pt) | ||
| 072 | _aF01 | ||
| 100 | 1 | _aFochesato, M.L. | |
| 100 | 1 | _aSouza, P.V.D. de | |
| 100 | 1 | _aSchãfer, G. | |
| 100 | 1 | _aMaciel, H.S. | |
| 245 | 1 | _aCrescimento vegetativo de porta-enxertos de citros produzidos em substratos comerciais | |
| 650 | _aFRUTA CÍTRICA | ||
| 650 | _aPORTA ENXERTO | ||
| 773 | 0 |
_tCiência Rural (Brazil) _xISSN 0103-8478 _g(Jul-Aug 2007), v. 37(4) p. 970-975 _wBR0905158 |
|
| 909 |
_a202311 _bLúcia _c55 _dLúcia Elande |
||
| 942 |
_2AGRIS _n0 _cANA |
||
| 999 |
_c204683 _d204683 |
||